banner-ar

اسس تصميم الملابس الخارجية للرجال / (Record no. 65219)

MARC details
000 -الفاتح
حقل البيانات ثابتة الطول 00932nam a2200241Ia 4500
005 - وقت وتاريخ اخر تعامل مع التسجيلة
رقم الضبط 20240530110813.0
008 - عناصر البيانات ثابتة الطول - معلومات عامة
حقل البيانات ثابتة الطول 140319s2008 au a f b 000 0 ara d
017 ## - رقم الايداع القانونى
رقم الايداع القانونى 2007/22824
المصدر ( الهيئة المختصة) مصر. دار الكتب
020 ## - الرقم الدولى المعيارى للكتب
الرقم الدولى المعيارى للكتاب 9772325977
040 ## - مصدر الفهرسة
وكالة الفهرسة الأصلية GCL /
وكالة النسخ GCL
082 04 - رقم تصنيف ديوى العشرى
رقم الطبعة 21
رقم التصنيف 746.92 /
رقم المادة ك أ
100 0# - المدخل الرئيسى - إسم شخصى
الإسم الشخصى كفاية سليمان احمد
245 10 - بيان العنوان
العنوان اسس تصميم الملابس الخارجية للرجال /
بيان المسئوليه,etc كفاية سليمان احمد ، اشرف عبدالحكيم نورالدين
250 ## - بيان الطبعة
بيان الطبعة ط.1
260 ## - PUBLICATION, DISTRIBUTION, ETC. (IMPRINT)
تاريخ النشر أو التوزيع 2008 .
300 ## - الوصف المادى
التعداد 464 ص. :
تفاصيل ماديه اخرى للوعاء صور. ؛
أبعاد الوعاء 24 سم.
650 07 - المدخل الاضافى بالموضوع-مصطلح موضوعى
مصطلح موضوعي تصميم الازياء
مصدر الرأس أو المصطلح qrmak
650 07 - المدخل الاضافى بالموضوع-مصطلح موضوعى
مصطلح موضوعي الملابس الخارجية للرجال
مصدر الرأس أو المصطلح qrmak
651 ## - المدخل الاضافى بالموضوع - اسم جغرافى
مصدر الرأس أو المصطلح qrmak
700 0# - المدخل الاضافى - اسم شخصى
الإسم الشخصى اشرف عبدالحكيم نورالدين
الدور مؤلف مشارك
942 ## - عناصر المدخل الإضافي( كوها)
مصدر التصنيف او مخطط الترفيف Dewey Decimal Classification
Koha [default] item type كتاب
260 ## - PUBLICATION, DISTRIBUTION, ETC. (IMPRINT)
-- القاهرة :
-- عالم الكتب،
Holdings
حالة التراجع حالة الفقد حالة تلف ليس للاعارة المكان المؤقت الموقع الحالى موقع الترفيف تاريخ الاكتساب اجمالي اﻻعارات رقم الطلب الباركود تاريخ اخر مشاهدة تاريخ تفعيل السعر نوع وعاء كوها
        مكتبة القاهرة الكبرى مكتبة القاهرة الكبرى   05/15/2019   746.92 / ك أ 165905 05/15/2019 05/15/2019 كتاب

Powered By

EGPV